|
|
|
|
| LEADER |
01087nab#a2200337#ar4500 |
| 001 |
000073363 |
| 003 |
SVKKK |
| 005 |
20040107xxxxxxx. |
| 008 |
06 c xo huno |
| FMT |
|
|
|
| 038 |
|
|
|a SVKKK
|
| 040 |
|
|
|a SVKKK
|b slo
|e AACR2
|
| 041 |
0 |
|
|a hun
|
| 044 |
|
|
|a xo
|c SK
|
| 080 |
|
|
|a 392
|
| 242 |
1 |
0 |
|a Sobáš
|
| 245 |
0 |
0 |
|a Házasság
|
| 500 |
|
|
|a mikrofilm
|
| 520 |
2 |
|
|a Správy o sobáši Juraja (György) Szakmáryho z Čukaloviec s Maricou (Mariska) Prokop zo Sniny v Stakčíne 16.09.1909. * Jozef Prokop zo Sniny s Maricou (Mariska) Vitkovics z Dlhého nad Cirochou 19.09.1909.
|
| 650 |
0 |
4 |
|a Prokop, Jozef (?) - Snina (HN) - Vitkovics, Marica (?) - Dlhé nad Cirochou (HN) - 19.09.1909
|
| 650 |
0 |
4 |
|a Szakmáry, Juraj (?) - Čukalovce (HN) - Prokop, Margita (?) - Snina (HN) - 16.09.1909 - správy
|
| 773 |
0 |
|
|t Felvidéki Hirlap
|g Roč. 2, č. 36 (05.09.1909) s. 2
|
| 957 |
|
|
|a Dlhé nad Cirochou
|
| 957 |
|
|
|a Snina
|
| 957 |
|
|
|a Čukalovce
|
| 958 |
|
|
|a DG
|
| 958 |
|
|
|a SK
|
| 974 |
|
|
|a Ba
|d 20040107
|
| 992 |
|
|
|a RBX
|
| BAS |
|
|
|
| 998 |
|
|
|a RETRO
|